[Event "Florianopolis Cordioli Memorial"]
[Site "Florianopolis"]
[Date "2015.07.05"]
[Round "7"]
[White "Do Prado, Hamilton Mesquita"]
[Black "Budde, Vinicius Chemale"]
[Result "0-1"]
[WhiteElo "1641"]
[BlackElo "1930"]
[PlyCount "72"]
[EventDate "2015.07.03"]
[EventType "swiss"]
[EventRounds "7"]
[EventCountry "BRA"]
[SourceTitle "EXT 2016"]
[Source "ChessBase"]
[SourceDate "2015.10.08"]
[SourceVersion "1"]
[SourceVersionDate "2015.10.08"]
[SourceQuality "1"]

1. d4 d5 2. Bf4 Bf5 3. e3 c5 4. c3 Qb6 5. Qb3 c4 6. Qxb6 axb6 7. Nd2 Nc6 8. Ngf3 h6 9. h3 Nf6 10. Be2 b5 11. Ne5 e6 12. 0-0 Be7 13. a3 0-0 14. g4 Bh7 15. g5 hxg5 16. Bxg5 Rfe8 17. Bf4 Nxe5 18. Bxe5 Nd7 19. Bg3 Ra7 20. Nf3 Rea8 21. Rfc1 Nf6 22. Bh4 Kf8 23. Nd2 b4 24. Bxf6 gxf6 25. cxb4 Bxb4 26. Nf3 b5 27. Kh1 Bd6 28. Rg1 Be4 29. Rg4 b4 30. Rag1 Ke7 31. axb4 Bxb4 32. Rg8 Rxg8 33. Rxg8 Ra1+ 34. Kg2 Re1 35. h4 Rxe2 36. h5 Be1 0-1

[Event "Florianopolis Cordioli Memorial"]
[Site "Florianopolis"]
[Date "2015.07.04"]
[Round "5"]
[White "Gieseler, Ronny Knoch"]
[Black "Budde, Vinicius Chemale"]
[Result "1-0"]
[WhiteElo "2170"]
[BlackElo "1930"]
[PlyCount "71"]
[EventDate "2015.07.03"]
[EventType "swiss"]
[EventRounds "7"]
[EventCountry "BRA"]
[SourceTitle "EXT 2016"]
[Source "ChessBase"]
[SourceDate "2015.10.08"]
[SourceVersion "1"]
[SourceVersionDate "2015.10.08"]
[SourceQuality "1"]

1. Nf3 Nf6 2. c4 c5 3. d4 cxd4 4. Nxd4 e5 5. Nb5 d5 6. cxd5 Bc5 7. e3 0-0 8. N5c3 Bf5 9. Qb3 Qe7 10. Be2 Na6 11. Nd2 e4 12. 0-0 Rfd8 13. a3 Nc7 14. Qxb7 Rab8 15. Qc6 Rb6 16. Qa4 Nfxd5 17. Ndxe4 Nxc3 18. Nxc3 Rg6 19. Bf3 Ne6 20. Nd5 Qd6 21. Nf4 Nxf4 22. Qxf4 Qe6 23. e4 Bg4 24. Be3 Bd6 25. Bxg4 Rxg4 26. Qf5 Rxe4 27. Qxe6 Rxe6 28. Bxa7 Re2 29. b4 Be5 30. Rae1 Rxe1 31. Rxe1 Bb2 32. a4 Bc3 33. Bb6 Rb8 34. Rd1 Bxb4 35. Rd8+ Rxd8 36. Bxd8 1-0

[Event "Florianopolis Cordioli Memorial"]
[Site "Florianopolis"]
[Date "2015.07.03"]
[Round "2"]
[White "Budde, Vinicius Chemale"]
[Black "Corvalao, Eder Daniel"]
[Result "1-0"]
[WhiteElo "1930"]
[BlackElo "1854"]
[PlyCount "69"]
[EventDate "2015.07.03"]
[EventType "swiss"]
[EventRounds "7"]
[EventCountry "BRA"]
[SourceTitle "EXT 2016"]
[Source "ChessBase"]
[SourceDate "2015.10.08"]
[SourceVersion "1"]
[SourceVersionDate "2015.10.08"]
[SourceQuality "1"]

1. e4 d5 2. exd5 Nf6 3. Bb5+ c6 4. dxc6 bxc6 5. Qf3 Qb6 6. Bc4 Nbd7 7. Qb3 Ne5 8. Be2 Be6 9. Qxb6 axb6 10. Nf3 Ng6 11. b3 Nf4 12. Bf1 Bd5 13. d3 Bxf3 14. Bxf4 Nd5 15. Bd2 Bh5 16. c4 Nf6 17. Nc3 e6 18. Be2 Bc5 19. Bxh5 Nxh5 20. Ne4 Bd4 21. Bc3 Bxc3+ 22. Nxc3 Nf4 23. 0-0-0 0-0 24. g3 Ng6 25. a4 c5 26. d4 Rfd8 27. dxc5 bxc5 28. Rxd8+ Rxd8 29. Rd1 Rxd1+ 30. Kxd1 Ne5 31. Ne4 Nd7 32. a5 f5 33. Ng5 e5 34. a6 h6 35. a7 1-0

[Event "Sao Paulo op-A 2nd"]
[Site "Sao Paulo"]
[Date "2015.02.07"]
[Round "4"]
[White "Budde, Vinicius Chemale"]
[Black "Rodrigues, Leonardo De Miranda"]
[Result "0-1"]
[WhiteElo "1942"]
[BlackElo "2133"]
[PlyCount "84"]
[EventDate "2015.02.05"]
[EventType "swiss"]
[EventRounds "6"]
[EventCountry "BRA"]
[SourceTitle "CBM 164 Extra"]
[Source "ChessBase"]
[SourceDate "2015.03.02"]
[SourceVersion "1"]
[SourceVersionDate "2015.03.02"]
[SourceQuality "1"]

1. d4 Nf6 2. c4 c5 3. d5 g6 4. Nc3 Bg7 5. Nf3 0-0 6. e4 d6 7. Be2 e6 8. 0-0 e5 9. Bg5 h6 10. Bh4 g5 11. Bg3 Nh5 12. Nd2 Nf4 13. f3 Na6 14. a3 Nc7 15. b4 b6 16. Bf2 h5 17. h3 Qf6 18. bxc5 bxc5 19. a4 Qg6 20. a5 Bh6 21. Nb5 Na6 22. Kh1 g4 23. fxg4 Nxe2 24. Qxe2 hxg4 25. Be3 Nb4 26. Na3 f5 27. hxg4 f4 28. Bg1 Bxg4 29. Nf3 Rab8 30. Rab1 Rb7 31. Bh2 Rh7 32. Rf2 Bg5 33. Kg1 Bh4 34. Nxh4 Rxh4 35. Qf1 Rf7 36. Rb3 Rfh7 37. g3 Rh3 38. Qb1 Qh5 39. Rxb4 cxb4 40. Qxb4 Rxg3+ 41. Kf1 Qh3+ 42. Ke1 Rb3 0-1

[Event "Sao Paulo op-A 2nd"]
[Site "Sao Paulo"]
[Date "2015.02.07"]
[Round "3"]
[White "Luz, Arthur Nader"]
[Black "Budde, Vinicius Chemale"]
[Result "0-1"]
[WhiteElo "2102"]
[BlackElo "1942"]
[PlyCount "108"]
[EventDate "2015.02.05"]
[EventType "swiss"]
[EventRounds "6"]
[EventCountry "BRA"]
[SourceTitle "CBM 164 Extra"]
[Source "ChessBase"]
[SourceDate "2015.03.02"]
[SourceVersion "1"]
[SourceVersionDate "2015.03.02"]
[SourceQuality "1"]

1. d4 Nf6 2. c4 e6 3. Nc3 Bb4 4. e3 0-0 5. Nge2 d5 6. a3 Bd6 7. c5 Be7 8. b4 b6 9. Nf4 a5 10. Bb2 c6 11. Be2 Nbd7 12. 0-0 Ba6 13. Bxa6 Rxa6 14. Qe2 Ra8 15. Nd3 Ne4 16. f3 Nxc3 17. Bxc3 Re8 18. e4 e5 19. dxe5 bxc5 20. exd5 cxb4 21. e6 bxc3 22. exf7+ Kxf7 23. Qe6+ Kf8 24. dxc6 Nf6 25. Qc4 Qd5 26. Qxc3 Rac8 27. Rac1 Bd6 28. Rfd1 Qh5 29. f4 Re2 30. Ne5 Bxe5 31. Qc5+ Kg8 32. fxe5 Rxe5 33. Qc4+ Qf7 34. Qc3 Ree8 35. Qxa5 Rc7 36. Rd3 h6 37. Qb5 Rec8 38. a4 Qe6 39. Rdc3 Qd5 40. Qb6 Ne4 41. Rc4 Nd6 42. Rd4 Qe6 43. Kh1 Ne8 44. Rdc4 Nd6 45. R4c3 Ne4 46. R3c2 Nf6 47. a5 Nd5 48. Qb5 Ne7 49. Re2 Rxc6 50. Rce1 Qd5 51. Qb1 Ng6 52. Qa1 Nf4 53. Rf2 Rc2 54. Ref1 Nh3 0-1

[Event "Porto Alegre Oncolinos op"]
[Site "Porto Alegre"]
[Date "2013.11.16"]
[Round "5"]
[White "Deste, Dayan Kuhn"]
[Black "Budde, Vinicius Chemale"]
[Result "1-0"]
[WhiteElo "1970"]
[BlackElo "1882"]
[PlyCount "107"]
[EventDate "2013.11.14"]
[EventType "swiss"]
[EventRounds "7"]
[EventCountry "BRA"]
[SourceTitle "EXT 2015"]
[Source "ChessBase"]
[SourceDate "2014.11.20"]
[SourceVersion "1"]
[SourceVersionDate "2014.11.20"]
[SourceQuality "1"]

1. e4 c5 2. Nf3 d6 3. d4 cxd4 4. Nxd4 Nf6 5. Nc3 a6 6. Bg5 e6 7. f4 Be7 8. Qf3 Nbd7 9. 0-0-0 h6 10. Bxf6 Bxf6 11. Bc4 Qb6 12. Nxe6 fxe6 13. Bxe6 Nf8 14. Bb3 Bxc3 15. Qxc3 Be6 16. Qxg7 Rh7 17. Qf6 Rf7 18. Qxh6 Qe3+ 19. Kb1 Qxf4 20. Qxf4 Rxf4 21. Bxe6 Nxe6 22. Rxd6 Rxe4 23. Rb6 Rb8 24. h4 Kf7 25. a3 Nd4 26. Rb4 a5 27. Ra4 b5 28. Rxa5 Ne2 29. h5 Ra4 30. Rxa4 bxa4 31. Rh4 Kf6 32. Rb4 Rd8 33. c3 Kg5 34. g4 Nf4 35. Rxa4 Kxg4 36. h6 Rh8 37. Ra6 Kg5 38. b4 Ng6 39. b5 Rxh6 40. c4 Rh8 41. c5 Ne5 42. c6 Rb8 43. a4 Nc4 44. Kc2 Kf5 45. Kb3 Ne5 46. Kb4 Ke4 47. Kc5 Nd3+ 48. Kd6 Rh8 49. c7 Rh6+ 50. Ke7 Rh7+ 51. Kd8 Rh8+ 52. Kd7 Rh7+ 53. Kc8 Kd5 54. Kb8 1-0

[Event "Porto Alegre Oncolinos op"]
[Site "Porto Alegre"]
[Date "2013.11.15"]
[Round "3"]
[White "Siebel, Eduardo Grundler"]
[Black "Budde, Vinicius Chemale"]
[Result "0-1"]
[WhiteElo "1800"]
[BlackElo "1882"]
[PlyCount "56"]
[EventDate "2013.11.14"]
[EventType "swiss"]
[EventRounds "7"]
[EventCountry "BRA"]
[SourceTitle "EXT 2015"]
[Source "ChessBase"]
[SourceDate "2014.11.20"]
[SourceVersion "1"]
[SourceVersionDate "2014.11.20"]
[SourceQuality "1"]

1. d4 Nf6 2. Bf4 g6 3. Nf3 d5 4. Nbd2 Bg7 5. e3 0-0 6. Bd3 c5 7. Bxb8 Rxb8 8. c3 cxd4 9. cxd4 Bd7 10. 0-0 Re8 11. Qe2 Qb6 12. Nb3 Ne4 13. Rac1 Ba4 14. Bxe4 dxe4 15. Nfd2 Bb5 16. Nc4 Qa6 17. Nc5 Qxa2 18. b3 Qxe2 19. Rfe1 Qh5 20. Nxe4 Bc6 21. Ng3 Qd5 22. f3 Qb5 23. Nd2 a5 24. Rc5 Qb4 25. Rd1 e5 26. Rc4 Qb6 27. Rdc1 exd4 28. Rxd4 Bxd4 0-1

[Event "Foz do Iguacu IRT Cidade de I"]
[Site "Foz do Iguacu"]
[Date "2009.10.11"]
[Round "6.8"]
[White "Budde, Vinicius Chemale"]
[Black "Gamarra, Ramon"]
[Result "0-1"]
[WhiteElo "2225"]
[BlackElo "2011"]
[PlyCount "58"]
[EventDate "2009.10.09"]
[EventType "swiss"]
[EventRounds "6"]
[EventCountry "BRA"]
[SourceTitle "EXT 2022"]
[Source "ChessBase"]
[SourceDate "2021.10.06"]
[SourceVersion "1"]
[SourceVersionDate "2021.10.06"]
[SourceQuality "1"]

1. e4 c5 2. Nc3 Nc6 3. g3 g6 4. Bg2 Bg7 5. d3 e6 6. f4 Nge7 7. Nf3 Rb8 8. a4 0-0 9. 0-0 a6 10. g4 f5 11. gxf5 exf5 12. Be3 Nd4 13. Kh1 Nec6 14. exf5 Rxf5 15. Ng5 d5 16. Ne2 Nxe2 17. Qxe2 Bxb2 18. Bxc5 Bxa1 19. Rxa1 b6 20. Ba3 Nd4 21. Qf2 Nc6 22. Qe2 h6 23. Nf3 Bd7 24. Re1 Kh8 25. Ne5 Nxe5 26. fxe5 Be6 27. Bh3 Qh4 28. Bxf5 gxf5 29. Bc1 d4 0-1